000 00685nam a2200253Ia 4500
003 OSt
005 20220918191823.0
006 a|||||r|||| 00| 0
007 ta
008 220917b |||||||| |||| 00| 0 eng d
024 _a65,313
037 _cTextual
040 _aARTS
_cARTS
_beng
041 _2eng
_aeng
082 _aQ8441:332-5, N3
100 _aDuggal K S
245 0 _aSikh Gurus
_b their lives and teachings
260 _aNew Delhi
_bUBS Pub
_c1993
300 _aix,251p.
_ccm.
500 _aBib 241-46p; Glossary 237-40p; Includes index
650 _aRELIGION
942 _hQ8441:332-5, N3
_cTEXL
_2CC
999 _c191562
_d191562